00945nam a2200265 a 450000100060000000300080000600500170001400800410003102000270007202000280009903500190012704000270014604100080017308200260018110000290020724500550023626000730029130000260036450400660039065000290045665000300048594200120051599900170052795201350054469826BD-RjUL20211209081929.0170413s1974 nyu b 001 0 eng d a0444105204 (Elsevier)  a0720420822 (N. Holland) a(BD-RjUL)70038 aDLCcDLCdBD-RjULbeng aeng00223a511.324bRUB 19741 aRudeanu, Sergiu.915723010aBoolean functions and equations /cSergiu Rudeanu. aAmsterdam ;aNew York :bNorth-Holland ;bAmerican Elsevier,cc1974. axix, 442 p. ;c24 cm. aIncludes bibliographical references (p. 416-434) and indexes. 0aBoolean Algebra.9206811 0aSwitching theory.9151844 2ddccBK c69826d69826 00102ddc40718NFICaRUCLbRUCLcReadingd1979-04-17eNetherland.l0o511.324 RUB 1974r2017-04-13 00:00:00tC-1w2017-04-13yBK